Les ballons d'or s'ils ne pouvaient le remporter qu'une seule fois - Statistiques

Statistiques générales
  • Ce quiz a été pris 168 fois
    38 depuis la dernière actualisation
  • Le résultat moyen est 47 sur 69
Statistiques - réponses
Années Pays Joueurs % Correct
2008 Portugal Cristiano Ronaldo
100%
1997 Brésil Ronaldo Nazario
100%
2010 Espagne Andres Iniesta
97%
2023 Norvège Erling Haaland
97%
2006 Italie Fabio Cannavaro
97%
2013 France Franck Ribéry
97%
2009 Argentine Lionel Messi
97%
2021 Pologne Robert Lewandowski
97%
2024 Espagne Rodri
97%
2011 Espagne Xavi
97%
1998 France Zinédine Zidane
97%
2016 France Antoine Griezmann
94%
2022 France Karim Benzema
94%
2018 Croatie Luka Modric
94%
2015 Brésil Neymar Junior
94%
2025 France Ousmane Dembélé
94%
2005 Brésil Ronaldinho Gaucho
94%
1995 Libéria George Weah
92%
2000 Portugal Luis Figo
92%
2014 Allemagne Manuel Neuer
92%
2007 Brésil Ricardo Kaka
92%
2001 Angleterre Michael Owen
89%
2019 Pays-Bas Virgil Van Dijk
89%
2003 République Tchèque Pavel Nedved
86%
2012 Colombie Radamel Falcao
86%
1999 Brésil Rivaldo
86%
1968 Irlande du Nord George Best
83%
2017 Italie Gianluigi Buffon
83%
1991 France Jean-Pierre Papin
81%
1983 France Michel Platini
81%
1958 France Raymond Kopa
81%
1987 Pays-Bas Ruud Gullit
81%
1966 Angleterre Bobby Charlton
78%
1972 RFA Franz Beckenbauer
78%
1988 Pays-Bas Marco Van Basten
78%
1993 Italie Roberto Baggio
78%
2002 Brésil Roberto Carlos
78%
1957 Espagne/Argentine Alfredo Di Stefano
75%
1971 Pays-Bas Johan Cruyff
75%
1963 URSS Lev Yachine
75%
1994 Italie Paolo Maldini
75%
2004 Ukraine Andrey Shevchenko
72%
1960 Espagne Luis Suarez
72%
1965 Portugal Eusébio
69%
1970 RFA Gerd Muller
67%
1979 RFA Karl Heinz Rummenigge
67%
1956 Angleterre Stanley Matthews
61%
1990 RFA Lothar Matthaus
58%
1996 Allemagne Matthias Sammer
58%
1978 Angleterre Kevin Keegan
56%
1982 Italie Paolo Rossi
56%
1992 Bulgarie Hristo Stoitchkov
47%
1964 Ecosse Denis Law
36%
1984 France Jean Tigana
36%
1973 Italie Dino Zoff
33%
1989 Italie Franco Baresi
33%
1969 Italie Gianni Rivera
33%
1967 Hongrie Florian Albert
28%
1962 Tcécoslovaquie Josef Masopust
28%
1977 Danemark Alan Simonsen
25%
1986 URSS Igor Belanov
25%
1975 URSS Oleg Blokhine
25%
1961 Argentine / Italie Omar Sivori
25%
1981 RFA Paul Breitner
11%
1959 Pays de Galles John Charles
8%
1976 Pays-Bas Rob Rensenbrink
8%
1980 RFA Bernd Schuster
6%
1974 Pologne Kazimierz Deyna
6%
1985 Danemark Preben Elkjær Larsen
6%
Aucun quiz correspondant
Distribution des résultats
% des personnes avec chaque résultat
Percentile par nombre de réponses
Votre historique - résultats
Vous n’avez pas pris ce quiz depuis la dernière actualisation